[Event "Merano Gold Cup 36th"]
[Site "Merano"]
[Date "2008.04.12"]
[Round "9"]
[White "Wempe, Juergen"]
[Black "Poffers, Adrian"]
[Result "1/2-1/2"]
[WhiteElo "2183"]
[BlackElo "2251"]
[PlyCount "44"]
[EventDate "2008.04.04"]
[EventType "swiss"]
[EventRounds "9"]
[EventCountry "ITA"]
[SourceTitle "EXT 2015"]
[Source "ChessBase"]
[SourceDate "2014.11.20"]
[SourceVersion "1"]
[SourceVersionDate "2014.11.20"]
[SourceQuality "1"]

1. d4 g6 2. Nf3 Bg7 3. c3 d6 4. h3 Nd7 5. e4 h6 6. Bc4 e5 7. dxe5 dxe5 8. Na3 Ngf6 9. Nh4 Qe7 10. Qf3 Nb6 11. Bb3 Be6 12. 0-0 0-0 13. Bd2 Nfd7 14. Bxe6 Qxe6 15. c4 Rfd8 16. Qe2 Nc5 17. Be3 Nd3 18. Rfd1 Nf4 19. Qc2 Qf6 20. g3 Nxh3+ 21. Kg2 Nf4+ 22. Kg1 Ne6 1/2-1/2

[Event "Merano Gold Cup 36th"]
[Site "Merano"]
[Date "2008.04.08"]
[Round "5"]
[White "Poffers, Adrian"]
[Black "Staufenberger, Bernd"]
[Result "1-0"]
[WhiteElo "2251"]
[BlackElo "2081"]
[PlyCount "81"]
[EventDate "2008.04.04"]
[EventType "swiss"]
[EventRounds "9"]
[EventCountry "ITA"]
[SourceTitle "EXT 2015"]
[Source "ChessBase"]
[SourceDate "2014.11.20"]
[SourceVersion "1"]
[SourceVersionDate "2014.11.20"]
[SourceQuality "1"]

1. d4 d5 2. Bf4 Nf6 3. e3 c6 4. Bd3 e6 5. Nd2 Bd6 6. Bg3 Qc7 7. f4 b6 8. Qe2 c5 9. c3 Bb7 10. Ngf3 Nbd7 11. Ne5 0-0-0 12. a3 h6 13. b4 c4 14. Bc2 Nb8 15. 0-0 a6 16. e4 Rhe8 17. Nxf7 Qxf7 18. e5 Bf8 19. exf6 gxf6 20. Rae1 Nd7 21. Nf3 Bd6 22. Qe3 f5 23. Bh4 Be7 24. Bxe7 Rxe7 25. Re2 Rde8 26. Rfe1 Kd8 27. a4 Qf6 28. Qc1 Rg7 29. g3 Rg6 30. b5 axb5 31. axb5 Qf8 32. Qb2 Qd6 33. Bxf5 Rf6 34. Bh3 Rg6 35. Ne5 Nxe5 36. Rxe5 Bc8 37. f5 Rg5 38. Qe2 Qa3 39. Qe3 Bd7 40. fxe6 Rxe5 41. dxe5 1-0

[Event "Merano Gold Cup 36th"]
[Site "Merano"]
[Date "2008.04.04"]
[Round "1"]
[White "Poffers, Adrian"]
[Black "Causevic, Ismet"]
[Result "1-0"]
[WhiteElo "2251"]
[BlackElo "1957"]
[PlyCount "67"]
[EventDate "2008.04.04"]
[EventType "swiss"]
[EventRounds "9"]
[EventCountry "ITA"]
[SourceTitle "EXT 2015"]
[Source "ChessBase"]
[SourceDate "2014.11.20"]
[SourceVersion "1"]
[SourceVersionDate "2014.11.20"]
[SourceQuality "1"]

1. Nf3 Nf6 2. g3 g6 3. Bg2 Bg7 4. 0-0 0-0 5. c4 c5 6. Nc3 Nc6 7. a3 a6 8. Rb1 d5 9. cxd5 Nxd5 10. Qb3 Nxc3 11. bxc3 b5 12. d4 Bf5 13. Rb2 cxd4 14. Nxd4 Nxd4 15. cxd4 Ra7 16. Rd2 Qa5 17. e4 Bd7 18. Rd3 e6 19. Bd2 Qb6 20. Bb4 Bxd4 21. Bxf8 Kxf8 22. e5 Bxe5 23. Qb4+ Ke8 24. Rfd1 Bf6 25. Qf4 Be7 26. Qh6 Bf6 27. Qxh7 Bd8 28. Qg8+ Ke7 29. Rf3 Be8 30. Qg7 Bc7 31. Qf6+ Kf8 32. Qxg6 Be5 33. Qg5 f6 34. Qxe5 1-0

[Event "Tiefenbach op"]
[Site "Tiefenbach"]
[Date "2005.01.20"]
[Round "8"]
[White "Poffers, Adrian"]
[Black "Wahl, Frithjof"]
[Result "1-0"]
[WhiteElo "2233"]
[BlackElo "2166"]
[PlyCount "111"]
[EventDate "2005.01.??"]
[EventType "swiss"]
[EventRounds "9"]
[EventCountry "GER"]
[SourceTitle "EXT 2006"]
[Source "ChessBase"]
[SourceDate "2005.11.24"]
[SourceVersion "1"]
[SourceVersionDate "2005.11.24"]
[SourceQuality "1"]

1. c4 g6 2. d4 Bg7 3. e4 d6 4. Nc3 Nc6 5. d5 Nd4 6. Be3 c5 7. Nge2 Nxe2 8. Bxe2 Nf6 9. 0-0 0-0 10. Bg5 h6 11. Bh4 Nh7 12. f4 g5 13. Bg3 f5 14. Qc2 fxe4 15. Nxe4 g4 16. Bh4 Bf5 17. Bd3 Qd7 18. Rae1 Rf7 19. Re2 Nf8 20. Rfe1 Ng6 21. Bg3 Raf8 22. Rf1 a6 23. Qd2 b5 24. Be1 b4 25. g3 a5 26. a3 Rb8 27. Qc1 Ra8 28. Qc2 Raf8 29. Bd2 Rb8 30. axb4 axb4 31. Ra1 Rff8 32. Ree1 Rf7 33. Ra5 Nf8 34. Rea1 Bh7 35. Ra7 Qc8 36. R1a5 Bf5 37. b3 Bd4+ 38. Kg2 Nh7 39. Bc1 Bg7 40. Bb2 Nf8 41. Bxg7 Kxg7 42. Nf2 Bh7 43. Bxh7 Nxh7 44. Qe2 Qf8 45. Qxg4+ Kh8 46. Qe2 Rg7 47. Qb2 Nf6 48. Qa1 Qf7 49. Ra8 Rxa8 50. Rxa8+ Ng8 51. Qb2 Qf5 52. Qd2 h5 53. Qe3 Qc2 54. Qd3 Qb2 55. Kf1 Qc1+ 56. Qd1 1-0

[Event "Tiefenbach op"]
[Site "Tiefenbach"]
[Date "2005.01.19"]
[Round "7"]
[White "Poffers, Adrian"]
[Black "Wempe, Juergen"]
[Result "0-1"]
[WhiteElo "2233"]
[BlackElo "2191"]
[PlyCount "78"]
[EventDate "2005.01.??"]
[EventType "swiss"]
[EventRounds "9"]
[EventCountry "GER"]
[SourceTitle "EXT 2006"]
[Source "ChessBase"]
[SourceDate "2005.11.24"]
[SourceVersion "1"]
[SourceVersionDate "2005.11.24"]
[SourceQuality "1"]

1. d4 f5 2. c4 Nf6 3. Nc3 e6 4. f3 Nh5 5. Nh3 c5 6. e3 a6 7. Nf2 Nf6 8. Nd3 b6 9. Be2 Nc6 10. d5 Na5 11. 0-0 Bd6 12. e4 Qc7 13. e5 Bxe5 14. Nxe5 Qxe5 15. Re1 Qd4+ 16. Qxd4 cxd4 17. Na4 b5 18. Nb6 Rb8 19. Nxc8 Rxc8 20. cxb5 axb5 21. Bxb5 Rc5 22. Rxe6+ Kf7 23. Rb6 Rhc8 24. Bd2 Nc4 25. Bxc4 Rxc4 26. Rd1 Nxd5 27. Rd6 Ne3 28. Re1 Ke7 29. Rb6 f4 30. g3 g5 31. Rh6 Rh8 32. h4 Rc2 33. Bb4+ Kf7 34. hxg5 fxg3 35. Bd6 Rhc8 36. Rf6+ Kg8 37. f4 Rc1 38. Rf8+ Kg7 39. Rxc8 Rxe1# 0-1

[Event "Tiefenbach op"]
[Site "Tiefenbach"]
[Date "2005.01.13"]
[Round "1"]
[White "Gerhards, Walter"]
[Black "Poffers, Adrian"]
[Result "0-1"]
[WhiteElo "1999"]
[BlackElo "2233"]
[PlyCount "106"]
[EventDate "2005.01.??"]
[EventType "swiss"]
[EventRounds "9"]
[EventCountry "GER"]
[SourceTitle "EXT 2006"]
[Source "ChessBase"]
[SourceDate "2005.11.24"]
[SourceVersion "1"]
[SourceVersionDate "2005.11.24"]
[SourceQuality "1"]

1. e4 d6 2. d4 Nf6 3. Nc3 e5 4. dxe5 dxe5 5. Qxd8+ Kxd8 6. Bc4 Be6 7. Bxe6 fxe6 8. f3 Nc6 9. Be3 Bd6 10. Nh3 Ke7 11. Nf2 Bb4 12. Nd3 Bxc3+ 13. bxc3 Nd7 14. Ke2 Na5 15. Rhd1 Nc4 16. Bf2 g5 17. Rab1 b6 18. Rb4 Na5 19. Bg3 c5 20. Rbb1 Nc4 21. Nf2 Rad8 22. h4 h6 23. Rh1 Nf6 24. Nd3 Nh5 25. Rh3 Rdg8 26. hxg5 hxg5 27. Nf2 Rd8 28. Nd3 Kf6 29. Kf2 Nxg3 30. Rxg3 Na3 31. Rc1 Nxc2 32. Rxc2 Rxd3 33. Ke2 c4 34. a4 Rh1 35. a5 b5 36. a6 Ra1 37. Rh3 Rxa6 38. Rh7 Ra3 39. Rh6+ Kf7 40. Kf2 a6 41. Rc1 Ra2+ 42. Kg3 Rdd2 43. Rh2 Rdc2 44. Rch1 Ke7 45. Rd1 a5 46. Rb1 Rab2 47. Rxb2 Rxb2 48. Kg4 a4 49. Kxg5 a3 50. Rh7+ Kd6 51. g4 a2 52. Ra7 b4 53. Kf6 bxc3 0-1

[Event "Alpenpokal op 30th"]
[Site "Tiefenbach"]
[Date "2004.??.??"]
[Round "6"]
[White "Poffers, Adrian"]
[Black "Merkel, Gerd"]
[Result "1-0"]
[WhiteElo "2289"]
[BlackElo "2095"]
[PlyCount "49"]
[EventDate "2004.01.08"]
[EventType "swiss"]
[EventRounds "9"]
[EventCountry "GER"]
[SourceTitle "EXT 2006"]
[Source "ChessBase"]
[SourceDate "2005.11.24"]
[SourceVersion "1"]
[SourceVersionDate "2005.11.24"]
[SourceQuality "1"]

1. c4 Nf6 2. g3 g6 3. Bg2 Bg7 4. Nc3 0-0 5. d3 d6 6. Bg5 h6 7. Bd2 e5 8. e4 Nc6 9. Nge2 Nh5 10. 0-0 f5 11. exf5 Bxf5 12. Ne4 g5 13. b4 Bg6 14. b5 Nd4 15. Nxd4 exd4 16. Qb3 Kh8 17. a4 Rb8 18. Qa3 Be5 19. Rae1 b6 20. Qc1 Nf6 21. f4 Nxe4 22. Bxe4 Bxe4 23. Rxe4 Bf6 24. fxg5 hxg5 25. Bxg5 1-0

[Event "Alpenpokal op 30th"]
[Site "Tiefenbach"]
[Date "2004.??.??"]
[Round "2"]
[White "Poffers, Adrian"]
[Black "Sakowski, Christian"]
[Result "1-0"]
[WhiteElo "2289"]
[BlackElo "1776"]
[PlyCount "65"]
[EventDate "2004.01.08"]
[EventType "swiss"]
[EventRounds "9"]
[EventCountry "GER"]
[SourceTitle "EXT 2006"]
[Source "ChessBase"]
[SourceDate "2005.11.24"]
[SourceVersion "1"]
[SourceVersionDate "2005.11.24"]
[SourceQuality "1"]

1. c4 c5 2. g3 Nc6 3. Bg2 b6 4. Nc3 Bb7 5. e4 d6 6. Nge2 Nf6 7. d3 g6 8. 0-0 Bg7 9. h3 0-0 10. f4 Nd7 11. g4 Nd4 12. Ng3 e6 13. Be3 a6 14. Qd2 Qe7 15. Rae1 Nb8 16. f5 Nbc6 17. g5 f6 18. fxe6 Nxe6 19. Nd5 Qd8 20. gxf6 Bxf6 21. Ne2 Bg7 22. Rxf8+ Bxf8 23. Rf1 Ne5 24. Nef4 Nxf4 25. Nxf4 Bh6 26. b3 Qe7 27. d4 Nd7 28. e5 Bxg2 29. Qxg2 Rf8 30. Qd5+ Kg7 31. Ne6+ Qxe6 32. Qxe6 Bxe3+ 33. Kg2 1-0

[Event "Alpenpokal op 30th"]
[Site "Tiefenbach"]
[Date "2004.??.??"]
[Round "5"]
[White "Schulz, Wolfgang"]
[Black "Poffers, Adrian"]
[Result "1/2-1/2"]
[WhiteElo "2111"]
[BlackElo "2289"]
[PlyCount "21"]
[EventDate "2004.01.08"]
[EventType "swiss"]
[EventRounds "9"]
[EventCountry "GER"]
[SourceTitle "EXT 2006"]
[Source "ChessBase"]
[SourceDate "2005.11.24"]
[SourceVersion "1"]
[SourceVersionDate "2005.11.24"]
[SourceQuality "1"]

1. e4 g6 2. d4 Bg7 3. c3 d6 4. Bg5 Nf6 5. Nd2 0-0 6. Ngf3 c5 7. dxc5 dxc5 8. Be2 Nc6 9. 0-0 Qc7 10. Qc2 h6 11. Bh4 1/2-1/2

[Event "EU-ch blitz"]
[Site "Panormo"]
[Date "2002.10.02"]
[Round "1"]
[White "Poffers, Adrian"]
[Black "Milov, Vadim"]
[Result "0-1"]
[WhiteElo "2222"]
[BlackElo "2620"]
[PlyCount "68"]
[EventDate "2002.10.02"]
[EventType "tourn (blitz)"]
[EventRounds "38"]
[EventCountry "GRE"]
[SourceTitle "CBM 090 Extra"]
[Source "ChessBase"]
[SourceDate "2002.11.07"]
[SourceVersion "1"]
[SourceVersionDate "2002.11.07"]
[SourceQuality "1"]

1. g3 c5 2. Bg2 Nc6 3. e4 g6 4. d3 Bg7 5. f4 d6 6. Nf3 e5 7. 0-0 Nge7 8. c3 0-0 9. Be3 exf4 10. Bxf4 d5 11. e5 d4 12. c4 Bf5 13. a3 a6 14. Re1 b5 15. b3 bxc4 16. bxc4 Ra7 17. Nh4 Be6 18. Nd2 h6 19. Nhf3 Bf5 20. Ne4 Bxe4 21. Rxe4 Nf5 22. g4 Ne3 23. Bxe3 dxe3 24. Rxe3 Nxe5 25. Nxe5 Qd4 26. Qe1 Bxe5 27. Kh1 Qxa1 28. Rxe5 Rb8 29. Be4 Rb2 30. h4 Kg7 31. h5 g5 32. Rf5 Rc7 33. Rd5 Ra2 34. d4 Re7 0-1

[Event "Schwarzach op-B"]
[Site "Schwarzach"]
[Date "1997.08.31"]
[Round "9.2"]
[White "Poffers, Adrian"]
[Black "Graf, Jutta"]
[Result "1-0"]
[WhiteElo "1844"]
[BlackElo "1751"]
[PlyCount "81"]
[EventDate "1997.08.23"]
[EventType "swiss"]
[EventRounds "9"]
[EventCountry "AUT"]
[SourceTitle "EXT 1999"]
[Source "ChessBase"]
[SourceDate "1998.11.16"]
[SourceVersion "1"]
[SourceVersionDate "1998.11.16"]
[SourceQuality "1"]

1. d4 Nf6 2. Bg5 d6 3. Nd2 e6 4. Ngf3 Be7 5. e4 Nbd7 6. c3 0-0 7. Be2 e5 8. 0-0 h6 9. Bh4 Nh7 10. Bg3 exd4 11. cxd4 Ndf6 12. Ne1 Ne8 13. Nd3 Bh4 14. Bxh4 Qxh4 15. f4 Qe7 16. Rc1 Nhf6 17. Bf3 Qd7 18. h3 c6 19. Qe2 Nc7 20. Qf2 Ne6 21. f5 Ng5 22. h4 Nxf3+ 23. Qxf3 Nh7 24. Nb3 Qe7 25. g3 Re8 26. e5 dxe5 27. dxe5 Nf8 28. Rce1 Qc7 29. Kh2 Nd7 30. e6 Nf6 31. Nf4 fxe6 32. fxe6 b6 33. Nd4 Bb7 34. Nh5 Rf8 35. e7 Rf7 36. Nxf6+ Rxf6 37. e8Q+ Rxe8 38. Rxe8+ Kh7 39. Qe4+ Rg6 40. Qe5 Qd7 41. Rff8 1-0

[Event "Schwarzach op-B"]
[Site "Schwarzach"]
[Date "1997.08.27"]
[Round "5.4"]
[White "Poffers, Adrian"]
[Black "Prantl, Peter"]
[Result "1-0"]
[WhiteElo "1844"]
[BlackElo "1762"]
[PlyCount "51"]
[EventDate "1997.08.23"]
[EventType "swiss"]
[EventRounds "9"]
[EventCountry "AUT"]
[SourceTitle "EXT 1999"]
[Source "ChessBase"]
[SourceDate "1998.11.16"]
[SourceVersion "1"]
[SourceVersionDate "1998.11.16"]
[SourceQuality "1"]

1. d4 d5 2. Bg5 c6 3. Nf3 h6 4. Bh4 Bf5 5. Nbd2 Nd7 6. c4 Ngf6 7. cxd5 cxd5 8. e3 e6 9. Qb3 Qc7 10. Bg3 Qb6 11. Qxb6 Nxb6 12. Bb5+ Nfd7 13. Rc1 Rc8 14. Ke2 Kd8 15. Rxc8+ Nxc8 16. Rc1 Ncb6 17. Bc7+ Ke7 18. Bxb6 Nxb6 19. Rc7+ Kf6 20. Rxb7 Bd6 21. Rxa7 Rc8 22. Rb7 Na8 23. Bd3 Bxd3+ 24. Kxd3 Nc7 25. a3 g5 26. h3 1-0

[Event "Schwarzach op-B"]
[Site "Schwarzach"]
[Date "1997.08.26"]
[Round "4.5"]
[White "Saugspier, Mario"]
[Black "Poffers, Adrian"]
[Result "1/2-1/2"]
[WhiteElo "1713"]
[BlackElo "1844"]
[PlyCount "84"]
[EventDate "1997.08.23"]
[EventType "swiss"]
[EventRounds "9"]
[EventCountry "AUT"]
[SourceTitle "EXT 1999"]
[Source "ChessBase"]
[SourceDate "1998.11.16"]
[SourceVersion "1"]
[SourceVersionDate "1998.11.16"]
[SourceQuality "1"]

1. e4 g6 2. d4 d6 3. c4 Bg7 4. Nc3 Nd7 5. Be3 e5 6. Nf3 c6 7. Qd2 Qa5 8. Be2 h5 9. dxe5 Nxe5 10. Nxe5 dxe5 11. 0-0 Be6 12. Rfd1 Nf6 13. Qc2 Ng4 14. Bxg4 hxg4 15. Qd2 Qc7 16. b3 Qe7 17. g3 Bf8 18. Na4 b6 19. Nc3 f6 20. Kg2 Qh7 21. Rh1 Qh3+ 22. Kg1 Rd8 23. Qe2 Be7 24. Rd1 Rxd1+ 25. Qxd1 Rf8 26. Qf1 Qh5 27. Qg2 Kf7 28. Kf1 Bb4 29. Nd1 Rd8 30. Ke2 f5 31. Nb2 f4 32. gxf4 exf4 33. Bxf4 g5 34. Bc1 Qh8 35. Rd1 Rxd1 36. Kxd1 Qc3 37. Qf1 Qd4+ 38. Qd3 Qxf2 39. Qe2 Qxe2+ 40. Kxe2 Bd6 41. Bxg5 Bxh2 42. Kf2 Bb8 1/2-1/2